A Short Course in Ordinaty Differential Equations (Record no. 30391)
[ view plain ]
| 000 -LEADER | |
|---|---|
| fixed length control field | 00889 a2200181 4500 |
| 020 ## - INTERNATIONAL STANDARD BOOK NUMBER | |
| International Standard Book Number | 978-3-319-11238-1 |
| 082 ## - DEWEY DECIMAL CLASSIFICATION NUMBER | |
| Classification number | 515.352 |
| 090 ## - LOCALLY ASSIGNED LC-TYPE CALL NUMBER (OCLC); LOCAL CALL NUMBER (RLIN) | |
| -- | 1785 |
| -- | 1785 |
| 100 ## - MAIN ENTRY--PERSONAL NAME | |
| Personal name | Kong, Qingkai |
| 245 ## - TITLE STATEMENT | |
| Title | A Short Course in Ordinaty Differential Equations |
| Statement of responsibility, etc. | Qingkai Kong |
| 260 ## - PUBLICATION, DISTRIBUTION, ETC. | |
| Place of publication, distribution, etc. | New York |
| Name of publisher, distributor, etc. | Springer |
| Date of publication, distribution, etc. | 2014 |
| 300 ## - PHYSICAL DESCRIPTION | |
| Extent | xii, 207 |
| 942 ## - ADDED ENTRY ELEMENTS (KOHA) | |
| Institution code [OBSOLETE] | SNS |
| Koha item type | Book |
| Call number prefix | 515.352 KON |
| Withdrawn status | Lost status | Source of classification or shelving scheme | Damaged status | Not for loan | Permanent Location | Current Location | Date acquired | Total Checkouts | Full call number | Barcode | Date last seen | Price effective from | Koha item type | Shelving location | Date last checked out |
|---|---|---|---|---|---|---|---|---|---|---|---|---|---|---|---|
| School of Natural Sciences (SNS) | School of Natural Sciences (SNS) | 05/26/2016 | 515.352 KON | SNS0002202 | 05/26/2016 | 05/26/2016 | Book | ||||||||
| School of Natural Sciences (SNS) | School of Natural Sciences (SNS) | 05/26/2016 | 515.352 KON | SNS0002201 | 05/26/2016 | 05/26/2016 | Book | ||||||||
| School of Natural Sciences (SNS) | School of Natural Sciences (SNS) | 05/26/2016 | 515.352 KON | SNS0002200 | 05/26/2016 | 05/26/2016 | Book | ||||||||
| Not For Loan | School of Natural Sciences (SNS) | School of Natural Sciences (SNS) | 05/26/2016 | 515.352 KON | SNS0002199 | 05/26/2016 | 05/26/2016 | Book | Reference | ||||||
| School of Natural Sciences (SNS) | School of Natural Sciences (SNS) | 03/29/2018 | 2 | 515.352 KON | SNS0002090 | 02/12/2021 | 03/29/2018 | Book | Book Cart | 01/16/2020 | |||||
| School of Natural Sciences (SNS) | School of Natural Sciences (SNS) | 03/29/2018 | 1 | 515.352 KON | SNS0002091 | 01/21/2020 | 03/29/2018 | Book | Book Cart | 10/09/2019 |
